00516nam a2200193 a 4500001001300000003000900013005001700022008004100039020002300080082001900103100001800122245002600140260004400166300000900210500003500219505002500254650002500279700001800304nice12345678IN_TiNIC20260116014530.0110719s2009 newa grp 000 0 eng  a9780300122817c10000a956.94054bMOR aMorris, Benny aOne State, Two States aNew HavenbYale University Press c2009 a240p aincludes index and biblioraphy2 anotes, biblio, index aArab-Israel Conflict1 aMorris, Benny